The war against Catholicism : liberalism and the anti-Catholic imagination in nineteenth-century Germany
Αποθηκεύτηκε σε:
| Κύριος συγγραφέας: | |
|---|---|
| Μορφή: | Βιβλίο |
| Γλώσσα: | English |
| Δημοσίευση: |
Ann Arbor, Mich. :
University of Michigan Press,
2005, c2004
|
| Σειρά: | Social history, popular culture, and politics in Germany
|
| Θέματα: | |
| Ετικέτες: |
Προσθήκη ετικέτας
Δεν υπάρχουν, Καταχωρήστε ετικέτα πρώτοι!
|
MARC
| LEADER | 00000nam a2200000 i 4500 | ||
|---|---|---|---|
| 001 | 1/89441 | ||
| 008 | 080623r20052004 eng d | ||
| 020 | |a 0-472-03130-9 (pbk.) | ||
| 035 | |l 10098371 | ||
| 040 | |a GR-MY-UA |b gre |e aacr | ||
| 041 | 0 | |a eng | |
| 082 | 0 | |a 322.10943 |2 (22) | |
| 100 | 1 | |a Gross, Michael B. |d 1961- | |
| 245 | 1 | 4 | |a The war against Catholicism : |b liberalism and the anti-Catholic imagination in nineteenth-century Germany / |c Michael B. Gross |
| 260 | |a Ann Arbor, Mich. : |b University of Michigan Press, |c 2005, c2004 | ||
| 300 | |a xii, 354 σ.; |b εικ.; |c 23 εκ. | ||
| 490 | 1 | |a Social history, popular culture and politics in Germany | |
| 504 | |a Βιβλιογραφία: σ. 303-345 | ||
| 504 | |a Ευρετήριο: σ. 347-354 | ||
| 610 | 2 | 0 | |a Catholic Church |z Germany |x History |y 19th century. |
| 650 | 0 | 0 | |a Kulturkampf |y Germany. |
| 650 | 0 | 0 | |a Anti-Catholicism |z Germany |x History |y 19th century. |
| 650 | 0 | 0 | |a Liberalism |z Germany |x History |y 19th century. |
| 651 | 0 | |a Germany |x Politics and government |y 1871-1888. | |
| 830 | 0 | |a Social history, popular culture, and politics in Germany | |
| 852 | |a INST |b LESVOS |e 20080623 |h 322.10943 GRO |p 005100041673 |q 005100041673 |t BK |y 0 | ||
| 852 | |a INST |b LESVOS |e 20080902 |h 322.10943 GRO |p 005100042837 |q 005100042837 |t BK |y 0 | ||
| 901 | |a BIBL1-2008-2 | ||
| 901 | |a BIBL-2008-3 | ||
| 909 | |a Λ |b 144674 | ||
| 909 | |a Λ |b 152391 | ||
| 922 | |a 1ΕΛΗ |b 200801 |c ΕΠΕΑΕΚ2/ΤΚΑ |d ΠΑΠΑΣΩΤΗΡΙΟΥ | ||
| 922 | |a 1ΕΛΗ |b 200803 |c ΕΠΕΑΕΚ2/ΤΚΑ |d ΠΑΠΑΣΩΤΗΡΙΟΥ | ||
| 970 | |a ΚΑΡΑ |b ΓΙΑΣΕΜΗ |z 2008/06/23 | ||